00660nam a2200241 a 4500001001300000003000900013005001700022008004100039020001000080082001300090100001400103245004000117260004800157300000800205500003500213505001700248650001600265700001400281902000800295942000700303952009300310999001500403nice12345678IN_TiNIC20260116011832.0050524s1929 laha grp 000 0 urd  ac10000a239bMIC aMichin, W aTahreef-E-Injeel Va Sehat-E-Injeel. aLahorebPunjab Religious Booksociety c1929 a31p aincludes index and biblioraphy2 abibliography aApologetics1 aMichin, W bSRS cBK 00104070aHMIbHMId2007-06-22g100.00l0o239 MICp8879r2007-06-22w2026-01-16yARB c4324d4324